000 00523nam a22001937a 4500
003 KOHA_MİRAKIL
005 20251030164630.0
008 251030b tu ||||| |||| 00| 0 tur d
020 _a9786051716305
040 _aTR-AnABB
_btur
_cTR-AnABB
041 _atur
082 _a891.7344
_bAKU 2018
100 1 _aAkunin, Boris,
245 1 0 _aTürk gambiti /
_cBoris Akunin
260 _aİstanbul :
_bAlfa Yayınları,
_c2018
300 _a245 sayfa ;
_c18 cm
650 0 4 _aRus edebiyatı, roman
942 _2ddc
_cBK
999 _c9255
_d9255
900 _bGizem YORULMAZ